All Google App Logos - Statistics

General Stats
  • This quiz has been taken 131 times
  • The average score is 15 of 71
Answer Stats
Picture Answer % Correct
Android
88%
Gmail
63%
Google Chrome
63%
Google Drive
53%
Google Play
53%
Google Maps
51%
Google Calendar
48%
YouTube
48%
Google Docs
44%
YouTube Kids
44%
Google Earth
42%
Google Translate
40%
Google Classroom
38%
Google Home
37%
Google Meet
37%
Google Photos
36%
Contacts
34%
Google One
33%
YouTube Music
33%
Google Sheets
32%
YouTube TV
30%
Android Auto
29%
Chromecast
29%
Google Chat
29%
Google Slides
29%
Google Assistant
26%
Google Forms
26%
Google Lens
23%
Google Play Games
23%
Google Files
21%
Google News
21%
Waze
21%
Google Fi
18%
Google Messages
18%
Google Play Books
18%
Google Flights
16%
Google Travel
16%
Google Wallet
16%
Google Keep
15%
YouTube VR
15%
Gboard
14%
Google Authenticator
12%
Google Street View
12%
Google TV
11%
Google Shopping
10%
Google Play Pass
8%
Digital Wellbeing
7%
Google Family Link
7%
Google Scholar
7%
Google Sites
7%
Google Voice
7%
Snapseed
7%
Google Finance
5%
Google Fit
5%
Exposure Notifications
4%
Google Alerts
4%
Google Arts & Culture
4%
Google Pay
4%
Google Play Protect
4%
Google Podcasts
4%
Google Expeditions
3%
Google Find My Device
3%
Google Fonts
3%
Google Chrome Enterprise
1%
Google PhotoScan
1%
Tilt Brush
1%
Wear OS by Google
1%
Google Groups
0%
Google Health Studies
0%
Google Input Tools
0%
Google Tasks
0%
No matching quizzes found
Score Distribution
Percent of People with Each Score
Percentile by Number Answered
Your Score History
You have not taken this quiz